00808nam a22002177a 450000500170000001000150001702000270003203500140005903700090007308200130008210000320009524500930012725000070022026000310022727000800025830000290033870000210036794200270038899900190041595201560043420250114151415.0 aENG-143397 c1495.00a9789395116831 aEN-126929 bDBAD a347.4206 aRatanlal & Dhirajlal97655100aRatanlal & Dhirajlal-The Bharatiya Sakshya Adhiniyam, 2023/cby Ratanlal [and] Dhirajlal a28 aGurgaonbLexis Nexisc2025 a14th Floor, Bldg. No.10, Tower-B, DLF Cyber City, Phase-IIbGurgaone122002 accxlviii,923p.c24cm(Hb) aDhirajlal976552 2ddccENh347.4206mPRA c208479d208479 001040718REFaLbLd2025-01-14eDelivery of Books Act Divisiong1495.00l0o347.4206 PRApEN-126929r2025-01-14 00:00:00t1v1495.00w2025-01-14yEN